<The> Role of Thrust in Knowledge Management Organization

Znalosti ako zdroj úspechu každej organizácie. Potreba zahrnúť do základných činností organizácie budovanie vzájomnej dôvery pre vytváranie znalostného manažmentu. Úloha dôvery v riadení vedomostí v súčasných organizáciách.

Guardado en:
Detalles Bibliográficos
Autor principal: Gajda, Joanna
Formato: Capítulo de libro
Lenguaje:inglés
Materias:
Etiquetas: Agregar Etiqueta
Sin Etiquetas, Sea el primero en etiquetar este registro!

MARC

LEADER 00000naa a2200000 4500
001 0267435
005 20200805084859.2
041 0 |a eng 
044 |a CZ 
245 1 0 |a <The> Role of Thrust in Knowledge Management Organization  |c Joanna Gajda 
520 |a Znalosti ako zdroj úspechu každej organizácie. Potreba zahrnúť do základných činností organizácie budovanie vzájomnej dôvery pre vytváranie znalostného manažmentu. Úloha dôvery v riadení vedomostí v súčasných organizáciách. 
610 2 0 |a organizácia 
610 2 0 |a manažment znalostný 
610 2 0 |a zamestnanci 
610 2 0 |a kapitál intelektuálny 
100 1 |a Gajda, Joanna